| 000 | 00571nam a22001697a 4500 | ||
|---|---|---|---|
| 005 | 20250213101330.0 | ||
| 008 | 240125b ||||| |||| 00| 0 eng d | ||
| 020 | _a9789719815099 | ||
| 082 |
_22021 _aDFil 909 _bD634 |
||
| 100 |
_aDitchella, Michael J. _950819 |
||
| 245 |
_aWorld history : _bthe global community in changing time / _cMichael J. Ditchella. |
||
| 260 |
_aQuezon City : _bC&E Publishing, Inc., _c©2021. |
||
| 300 |
_ax, 613 pages : _bcolor illustrations ; _c26 cm. |
||
| 500 | _aIncludes references. | ||
| 650 |
_aWorld history. _951825 |
||
| 942 |
_2ddc _cDFIL |
||
| 999 |
_c18759 _d18759 |
||